Medzinárodné vzťahy a sociálno-ekonomický status žien vo svete
Feministické teórie a ich miesto v teórii medzinárodných vzťahov. Mnohí autori priraďujú feministické teórie k najdynamickejším smerom kritickej reflexie medzinárodných vzťahov. Pre feministické teórie je hlavnou témou kategória rodu ako analytická kategória, prostredníctvom ktorej je možné hlbšie s...
Uložené v:
| Hlavný autor: | |
|---|---|
| Médium: | Kapitola |
| Jazyk: | Slovak |
| Predmet: | |
| Tagy: |
Žiadne tagy, Buďte prvý, kto otaguje tento záznam!
|
MARC
| LEADER | 00000nla$a2200000$$$4500 | ||
|---|---|---|---|
| 001 | 0144971 | ||
| 005 | 20240502072613.1 | ||
| 041 | 0 | |a slo | |
| 044 | |a SK | ||
| 245 | 1 | 0 | |a Medzinárodné vzťahy a sociálno-ekonomický status žien vo svete |c Jana Barátová |
| 520 | |a Feministické teórie a ich miesto v teórii medzinárodných vzťahov. Mnohí autori priraďujú feministické teórie k najdynamickejším smerom kritickej reflexie medzinárodných vzťahov. Pre feministické teórie je hlavnou témou kategória rodu ako analytická kategória, prostredníctvom ktorej je možné hlbšie skúmať sociálno-ekonomické rozmery statusu žien v medzinárodnom systéme, odhaľujúc napríklad otázky rodovej nerovnosti v spoločnosti. | ||
| 610 | 2 | 0 | |a vzťahy medzinárodné |
| 610 | 2 | 0 | |a ženy |
| 610 | 2 | 0 | |a postavenie spoločenské |
| 100 | 1 | |a Barátová, Jana | |